| 000 | 01122nam a22003737a 4500 | ||
|---|---|---|---|
| 001 | 0074047 | ||
| 003 | KOHA_MİRAKIL | ||
| 005 | 20260207005203.0 | ||
| 007 | ta | ||
| 008 | 250516b2006 tu |||gr||||#0|||0|tur | | ||
| 020 | _a9756217146 | ||
| 040 |
_aTR-BiSEU _btur _cTR-BiSEU _erda |
||
| 041 | 0 | _atur | |
| 044 | _ctu | ||
| 050 |
_aHM623 _b.C48 2006 |
||
| 100 | 1 | _aÇetinoğlu, Oğuz. | |
| 245 | 1 |
_aKültür zenginliklerimiz/ _cOğuz Çetinoğlu ; Oğuz Çetinoğlu; editör Ümmühan Cengiz. |
|
| 264 | 1 |
_aİstanbul : _bBilge Oğuz _c2006 |
|
| 300 | _a374 sayfa; 21 cm. | ||
| 336 |
_ametin _btxt _2rdacontent |
||
| 337 |
_aaracısız _bn _2rdamedia |
||
| 338 |
_acilt _bnc _2rdacarrier |
||
| 490 | 0 | _a | |
| 500 | _aKaynakça var. | ||
| 650 | 0 |
_aEtnik gruplar--Türkiye. _9149929 |
|
| 650 | 0 |
_aKültür--Türkiye tarihi. _9149930 |
|
| 650 | 0 |
_aTürkler--Gelenek ve adetler. _9149931 |
|
| 650 | 0 |
_aSeljuks. _910826 |
|
| 650 | 0 |
_aTurkish peoples--History. _96928 |
|
| 650 | 0 |
_aTurkey--History--Ottoman Empire, 1298-1918. _924150 |
|
| 830 | 0 |
_a _91620 |
|
| 907 | _aSosyal Bilimler | ||
| 942 |
_2lcc _cBK |
||
| 999 |
_c74800 _d74800 |
||